| 000 | 004850000a22001810004500 | ||
|---|---|---|---|
| 003 | MACL | ||
| 005 | 20160803132222.0 | ||
| 008 | 160803b xxu||||| |||| 00| 0 eng d | ||
| 040 |
_aMACL _cMACL |
||
| 041 | _aEnglish | ||
| 082 | _a954 KUM | ||
| 100 |
_aKumar, Mahendra _966026 |
||
| 245 |
_aCurrent Peace Research And India _cMahendra Kumar |
||
| 260 |
_bGandhian Institute of Studies _c1968 _aNew Delhi |
||
| 350 | _a18 | ||
| 650 |
_aIndian History _9227 |
||
| 942 |
_cBK _k954/KUM _2ddc |
||
| 999 |
_c35449 _d35449 |
||